| 000 | 01016nam a22002897a 4500 | ||
|---|---|---|---|
| 999 |
_c14180 _d14180 |
||
| 003 | EG-ScBUE | ||
| 005 | 20210525094507.0 | ||
| 008 | 100623s1997 ua a f 000 0 ara d | ||
| 017 | _a97/5355 | ||
| 020 | _a9772358115 | ||
| 040 |
_aEG-ScBUE _bara _erda _cEG-ScBUE _dEG-ScBUE |
||
| 043 | _aa-ua--- | ||
| 082 | 0 | 4 |
_a791.430962 _bر م ز _222 |
| 100 | 1 |
_915111 _aرمزي، كمال، _eمؤلف. |
|
| 245 |
_aالأفلام المصرية 96 : _bمقالات نقدية / _cكمال رمزي. |
||
| 264 | 1 |
_a[القاهرة] : _bالهيئة العامة لقصور الثقافة، _c1997. |
|
| 300 |
_a253 صفحة : _bإيضاحيات ؛ _c18 سم. |
||
| 336 |
_2rdacontent _aنص _btxt |
||
| 337 |
_2rdamedia _aبدون وسيط _bn |
||
| 338 |
_2rdacarrier _aمجلد _bnc |
||
| 490 | 0 |
_aكتابات نقدية ؛ _v62 |
|
| 650 | 7 |
_915270 _aالأفلام السينمائية _xتاريخ ونقد. _2BUEsh |
|
| 651 | _2BUEsh | ||
| 653 |
_bGGEN _cMay2021 |
||
| 655 |
_vReading book _934232 |
||
| 942 |
_2ddc _cBB |
||